[Event " Ciutat d'Alzira 2014"]
[Site "Alzira ESP"]
[Date "2014.08.26"]
[Round "8.3"]
[White "Ventura Monfort, Santiago"]
[Black "Pedros Viudes, Santiago"]
[Result "0-1"]
[WhiteElo "1934"]
[BlackElo "1963"]
[PlyCount "90"]
[EventDate "2014.08.22"]
[EventType "swiss"]
[EventRounds "9"]
[EventCountry "ESP"]
[Source "lmi"]
[SourceDate "2014.08.22"]

1. f4 d5 2. Nf3 Nf6 3. b3 Bf5 4. Bb2 e6 5. e3 Nbd7 6. Be2 h6 7. Nc3 c6 8. Nh4
Bh7 9. g3 Bd6 10. Bf3 Qe7 11. d3 g5 12. Ng2 e5 13. Qe2 Rg8 14. fxg5 hxg5 15.
Bg4 Nxg4 16. Qxg4 f5 17. Qe2 O-O-O 18. O-O-O Rde8 19. Rdf1 Kb8 20. Kb1 Nf6 21.
Bc1 a6 22. Bd2 c5 23. Nd1 d4 24. Nb2 e4 25. Re1 Nd5 26. Kc1 b5 27. a4 exd3 28.
Nxd3 c4 29. Qf3 Ba3+ 30. Kb1 cxd3 31. Qxd5 dxc2+ 32. Kxc2 f4+ 33. Kd1 Rd8 34.
Qc6 Rd6 35. Qf3 Be4 36. Qf2 dxe3 37. Nxe3 Rxd2+ 38. Qxd2 Rd8 39. Nd5 Qe5 40.
Rxe4 Qxe4 41. Re1 Qf3+ 42. Kc2 Rxd5 43. Re8+ Kb7 44. Qc3 Rc5 45. Re7+ Kc8 0-1

[Event " Ciutat d'Alzira 2014"]
[Site "Alzira ESP"]
[Date "2014.08.26"]
[Round "8.4"]
[White "Roca Cruz, Rafael"]
[Black "Albuixec Sanz, Jorge"]
[Result "1-0"]
[WhiteElo "1950"]
[BlackElo "1858"]
[PlyCount "55"]
[EventDate "2014.08.22"]
[EventType "swiss"]
[EventRounds "9"]
[EventCountry "ESP"]
[Source "lmi"]
[SourceDate "2014.08.22"]

1. d4 Nf6 2. c4 g6 3. Nc3 d5 4. cxd5 Nxd5 5. Bd2 Bg7 6. e4 Nxc3 7. Bxc3 O-O 8.
Nf3 Nd7 9. Rc1 e5 10. Bc4 exd4 11. Bxd4 Bxd4 12. Qxd4 Qe7 13. O-O c5 14. Qe3
Nb6 15. Bb3 c4 16. Bxc4 Nxc4 17. Rxc4 Be6 18. Ra4 b5 19. Ra5 Rfe8 20. Nd4 Bc4
21. Re1 Qc5 22. Nb3 Qb4 23. Qc3 Qd6 24. Nc1 Rac8 25. Rxa7 Be6 26. Qd3 Qb4 27.
Qe3 Rc4 28. Ne2 1-0

[Event " Ciutat d'Alzira 2014"]
[Site "Alzira ESP"]
[Date "2014.08.26"]
[Round "8.5"]
[White "Jarque Megias, Juan Jose"]
[Black "Perez Gisbert, Santiago"]
[Result "1/2-1/2"]
[WhiteElo "1854"]
[BlackElo "1937"]
[PlyCount "118"]
[EventDate "2014.08.22"]
[EventType "swiss"]
[EventRounds "9"]
[EventCountry "ESP"]
[Source "lmi"]
[SourceDate "2014.08.22"]

1. e4 e6 2. d4 d5 3. Nc3 Bb4 4. e5 c5 5. a3 Bxc3+ 6. bxc3 Qc7 7. Qg4 Ne7 8.
Qxg7 Rg8 9. Qxh7 cxd4 10. Ne2 Nbc6 11. f4 Bd7 12. Qd3 dxc3 13. Qxc3 Nf5 14. Be3
O-O-O 15. Rd1 Qa5 16. Qxa5 Nxa5 17. Bxa7 Nc4 18. Bf2 Nxa3 19. Bc5 Nc4 20. Kf2
Ba4 21. Rc1 Bc6 22. Nd4 Nxd4 23. Bxd4 Kd7 24. Rg1 Rg4 25. g3 Rh8 26. h3 Rg7 27.
Rd1 Ba4 28. Bxc4 dxc4 29. Bc3+ Kc8 30. Rd4 Rxh3 31. Rxc4+ Bc6 32. Ba5 Rg8 33.
Rc3 Rg4 34. Rd3 b5 35. Rc3 Kb7 36. Bb4 Bd5 37. Ke2 Rh2+ 38. Ke3 Bc4 39. Kf3
Be2+ 40. Ke4 Bc4 41. Rd1 Bd5+ 42. Kd4 Rg8 43. Kc5 Rc8+ 44. Kd6 Rxc2 45. Rxc2
Rxc2 46. Ke7 Rc7+ 47. Kf6 Be4 48. Be7 Bg6 49. g4 Rc5 50. Kg5 Be4 51. Rd7+ Rc7
52. Rd4 Rc4 53. Rxc4 bxc4 54. f5 exf5 55. gxf5 Bd5 56. Kf4 c3 57. Ke3 c2 58.
Ba3 Kc8 59. Kd4 Ba2 1/2-1/2

[Event " Ciutat d'Alzira 2014"]
[Site "Alzira ESP"]
[Date "2014.08.26"]
[Round "8.6"]
[White "Simon Piera, Raul"]
[Black "Nieto Tornero, Jose"]
[Result "0-1"]
[WhiteElo "1932"]
[BlackElo "1914"]
[PlyCount "54"]
[EventDate "2014.08.22"]
[EventType "swiss"]
[EventRounds "9"]
[EventCountry "ESP"]
[Source "lmi"]
[SourceDate "2014.08.22"]

1. d4 Nf6 2. Nf3 g6 3. Bf4 d6 4. e3 Bg7 5. h3 O-O 6. Be2 Nbd7 7. c4 Qe8 8. Bh2
e5 9. O-O a6 10. Nc3 exd4 11. exd4 b6 12. b4 Ne4 13. Nxe4 Qxe4 14. Bd3 Qb7 15.
Re1 Nf6 16. Re7 Bd7 17. Qd2 Rfe8 18. Ree1 Bxh3 19. d5 Bd7 20. Rab1 b5 21. Bf4
bxc4 22. Bxc4 Ne4 23. Qc2 Nc3 24. Rb3 Rxe1+ 25. Nxe1 Ba4 26. a3 Re8 27. Nf3 Re4
0-1

[Event " Ciutat d'Alzira 2014"]
[Site "Alzira ESP"]
[Date "2014.08.26"]
[Round "8.8"]
[White "Aledo Yanguas, Javier"]
[Black "Vila Todosantos, Jose Miguel"]
[Result "1-0"]
[WhiteElo "1791"]
[BlackElo "1884"]
[PlyCount "83"]
[EventDate "2014.08.22"]
[EventType "swiss"]
[EventRounds "9"]
[EventCountry "ESP"]
[Source "lmi"]
[SourceDate "2014.08.22"]

1. e4 c5 2. c3 g6 3. d4 cxd4 4. cxd4 Bg7 5. Nc3 a6 6. Bc4 e6 7. a4 h6 8. Be3
Nc6 9. Nf3 b6 10. Qd2 Bb7 11. h3 Nf6 12. e5 Ng8 13. Ne4 Na5 14. Nd6+ Kf8 15.
Qb4 Ne7 16. Nxb7 Nxb7 17. d5 Nc5 18. a5 exd5 19. axb6 Ne6 20. Bxd5 Rb8 21. O-O
Kg8 22. Be4 Nc6 23. Bxc6 dxc6 24. Rfd1 Qc8 25. Qc4 c5 26. Rxa6 Kh7 27. Rd5 Bf8
28. Nd2 Qc6 29. Ra7 Rb7 30. Rxb7 Qxb7 31. Qb3 Be7 32. Ne4 Rb8 33. Nxc5 Qxb6 34.
Qxb6 Rxb6 35. Nxe6 Rxe6 36. Bc5 Kg7 37. Bxe7 Rxe7 38. Rb5 f6 39. exf6+ Kxf6 40.
Rb6+ Kf7 41. g4 Rd7 42. Kg2 1-0

[Event " Ciutat d'Alzira 2014"]
[Site "Alzira ESP"]
[Date "2014.08.26"]
[Round "8.9"]
[White "Morello Ostos, Domingo"]
[Black "Raimundo Medina, Fermin"]
[Result "1-0"]
[WhiteElo "1977"]
[BlackElo "1764"]
[PlyCount "79"]
[EventDate "2014.08.22"]
[EventType "swiss"]
[EventRounds "9"]
[EventCountry "ESP"]
[Source "lmi"]
[SourceDate "2014.08.22"]

1. e4 c6 2. d3 d5 3. Nd2 e5 4. g3 Bd6 5. Bg2 Nf6 6. Ngf3 Qc7 7. O-O O-O 8. Re1
Nbd7 9. Nh4 Re8 10. c3 dxe4 11. dxe4 b5 12. Nf1 a5 13. g4 h6 14. Nf5 Bf8 15. h4
Nh7 16. g5 hxg5 17. hxg5 Re6 18. Qh5 Rg6 19. Nh4 Qd6 20. Nxg6 fxg6 21. Qh4 Nc5
22. Nh2 Be7 23. Be3 Ne6 24. Rad1 Qc7 25. Nf3 b4 26. Qg3 Bd6 27. Rxd6 Qxd6 28.
Qxe5 Qxe5 29. Nxe5 Nhxg5 30. f4 Nf7 31. Nxc6 Bb7 32. e5 Kf8 33. cxb4 axb4 34.
Nxb4 Bxg2 35. Kxg2 Nh6 36. Kf3 Nf5 37. Bf2 Rd8 38. Re4 Rd2 39. b3 Nc5 40. Re2
1-0

[Event " Ciutat d'Alzira 2014"]
[Site "Alzira ESP"]
[Date "2014.08.26"]
[Round "8.10"]
[White "Del Arco Gimeno, Juan"]
[Black "Santamaria Bo, Jose Maria"]
[Result "1-0"]
[WhiteElo "1949"]
[BlackElo "1762"]
[PlyCount "63"]
[EventDate "2014.08.22"]
[EventType "swiss"]
[EventRounds "9"]
[EventCountry "ESP"]
[Source "lmi"]
[SourceDate "2014.08.22"]

1. e4 c6 2. d4 d5 3. exd5 cxd5 4. Bd3 Nc6 5. c3 Nf6 6. Bf4 e6 7. Nf3 Bd6 8. Bg5
h6 9. Bh4 Nb8 10. Nbd2 a6 11. O-O O-O 12. Re1 Nbd7 13. Qc2 Re8 14. Ne5 Rf8 15.
Re2 Be7 16. Nxd7 Nxd7 17. Bg3 Bh4 18. Bd6 Be7 19. Bxe7 Qxe7 20. Nf3 b6 21. Rae1
Qf6 22. h3 Bb7 23. Qd2 b5 24. Nh2 Rfe8 25. Ng4 Qg5 26. f4 Qd8 27. f5 h5 28.
fxe6 hxg4 29. exf7+ Kxf7 30. Rxe8 Qh4 31. Qf4+ Nf6 32. R1e7# 1-0

[Event " Ciutat d'Alzira 2014"]
[Site "Alzira ESP"]
[Date "2014.08.27"]
[Round "9.1"]
[White "Pedros Viudes, Santiago"]
[Black "Cebrian Flores, Juan Antonio"]
[Result "1-0"]
[WhiteElo "1963"]
[BlackElo "1995"]
[PlyCount "83"]
[EventDate "2014.08.22"]
[EventType "swiss"]
[EventRounds "9"]
[EventCountry "ESP"]
[Source "lmi"]
[SourceDate "2014.08.22"]

1. d4 g6 2. Nf3 Nf6 3. Bf4 Bg7 4. e3 d6 5. h3 O-O 6. Be2 c5 7. Nc3 Qb6 8. Rb1
Nc6 9. d5 Nb8 10. O-O a6 11. Nd2 Qc7 12. a4 Nbd7 13. Nc4 b6 14. e4 Rb8 15. Na3
Ne8 16. Qd2 Bh8 17. Bh6 Ng7 18. g4 Bb7 19. f4 Rfd8 20. Rbd1 Ne8 21. h4 Bd4+ 22.
Kh1 e6 23. f5 exd5 24. fxg6 hxg6 25. Nxd5 Bxd5 26. exd5 Bxb2 27. Nc4 Bd4 28. h5
b5 29. hxg6 fxg6 30. Qg5 bxc4 31. Qxg6+ Ng7 32. Qf7+ Kh7 33. Rxd4 Rg8 34. Rxc4
Rbf8 35. Bd3+ Kh8 36. Bxg7+ Rxg7 37. Qh5+ Kg8 38. Rcf4 Qd8 39. Bf5 Rxf5 40.
Qxf5 Qh4+ 41. Kg2 Rh7 42. Qe6+ 1-0

[Event " Ciutat d'Alzira 2014"]
[Site "Alzira ESP"]
[Date "2014.08.27"]
[Round "9.2"]
[White "Benedito Salavert, Jaime"]
[Black "Boj Marques, Javier"]
[Result "0-1"]
[WhiteElo "1914"]
[BlackElo "1950"]
[PlyCount "46"]
[EventDate "2014.08.22"]
[EventType "swiss"]
[EventRounds "9"]
[EventCountry "ESP"]
[Source "lmi"]
[SourceDate "2014.08.22"]

1. Nf3 Nf6 2. c4 g6 3. Nc3 Bg7 4. d4 O-O 5. g3 d6 6. Bg2 Nc6 7. e4 a6 8. O-O
Rb8 9. Qe2 Bg4 10. Be3 e5 11. Qd2 Bxf3 12. Bxf3 exd4 13. Bxd4 Nxe4 14. Bxe4
Nxd4 15. Ne2 Re8 16. Nxd4 Rxe4 17. Ne2 Rxc4 18. Rac1 Rxc1 19. Rxc1 c6 20. b3 d5
21. Kg2 Qe7 22. Nf4 Re8 23. Rd1 Bh6 0-1

[Event " Ciutat d'Alzira 2014"]
[Site "Alzira ESP"]
[Date "2014.08.27"]
[Round "9.3"]
[White "Roca Cruz, Rafael"]
[Black "Jarque Megias, Juan Jose"]
[Result "0-1"]
[WhiteElo "1950"]
[BlackElo "1854"]
[PlyCount "112"]
[EventDate "2014.08.22"]
[EventType "swiss"]
[EventRounds "9"]
[EventCountry "ESP"]
[Source "lmi"]
[SourceDate "2014.08.22"]

1. d4 Nf6 2. c4 c5 3. Nf3 cxd4 4. Nxd4 Nc6 5. Nc3 e6 6. a3 Be7 7. e4 Qa5 8. Nb3
Qd8 9. Bf4 d6 10. Be2 h6 11. O-O O-O 12. Qd2 Qb6 13. Nc1 a6 14. b4 Qd4 15. Bd3
Nd7 16. Be3 Qf6 17. f4 Bd8 18. Nb3 Bb6 19. c5 dxc5 20. bxc5 Na5 21. Nxa5 Bxa5
22. e5 Qe7 23. Nd5 Qd8 24. Nb4 Qc7 25. Rac1 Rd8 26. Qc2 Nb8 27. Bh7+ Kh8 28.
Be4 Bd7 29. Rfd1 Bxb4 30. axb4 Nc6 31. Qc3 Ne7 32. Rd6 Bc6 33. Bxc6 bxc6 34.
Ra1 Nd5 35. Qd4 Qb7 36. Bd2 Rab8 37. g3 Rdc8 38. Qc4 Ra8 39. Kg2 Ra7 40. Ra3
Rca8 41. g4 a5 42. bxa5 Qb2 43. Qa2 Qd4 44. Ra4 Qxc5 45. Qc4 Qxc4 46. Rxc4 Rxa5
47. Rdxc6 Ra2 48. Rc2 R8a4 49. Bc1 Rxc2+ 50. Rxc2 Nxf4+ 51. Kg3 Nd3 52. Bb2 Kh7
53. Rd2 Nc5 54. Rc2 Ne4+ 55. Kf3 Ng5+ 56. Kg3 Rb4 0-1

[Event " Ciutat d'Alzira 2014"]
[Site "Alzira ESP"]
[Date "2014.08.27"]
[Round "9.4"]
[White "Gonzalvez Perales, Jose Luis"]
[Black "Perez Gisbert, Santiago"]
[Result "0-1"]
[WhiteElo "2012"]
[BlackElo "1937"]
[PlyCount "96"]
[EventDate "2014.08.22"]
[EventType "swiss"]
[EventRounds "9"]
[EventCountry "ESP"]
[Source "lmi"]
[SourceDate "2014.08.22"]

1. e4 e6 2. d4 d5 3. Bd3 dxe4 4. Bxe4 Nf6 5. Bf3 c5 6. Ne2 Nc6 7. Be3 cxd4 8.
Nxd4 Ne5 9. O-O Be7 10. Nc3 O-O 11. Qe2 Nxf3+ 12. Qxf3 Qc7 13. Ndb5 Qc6 14.
Nxa7 Qxf3 15. gxf3 Bb4 16. Nxc8 Raxc8 17. Bd4 Bxc3 18. Bxc3 Nd5 19. a4 h6 20.
Ra3 Rc4 21. Rd1 Rfc8 22. Rb3 b6 23. Rd2 Nxc3 24. bxc3 Rxc3 25. Rxc3 Rxc3 26.
Rd6 Rxc2 27. Rxb6 Ra2 28. Rb4 Kh7 29. Kg2 Kg6 30. Kg3 f5 31. f4 Kf6 32. h4 g5
33. fxg5+ hxg5 34. hxg5+ Kxg5 35. f4+ Kh5 36. Kf3 Ra3+ 37. Ke2 Kg4 38. Kf2 Ra2+
39. Ke3 Rh2 40. a5 Rh8 41. Ra4 Kg3 42. a6 e5 43. fxe5 f4+ 44. Kd3 f3 45. Ke3 f2
46. Ra1 Ra8 47. Ke2 Kg2 48. e6 Rxa6 0-1

[Event " Ciutat d'Alzira 2014"]
[Site "Alzira ESP"]
[Date "2014.08.27"]
[Round "9.5"]
[White "Nieto Tornero, Jose"]
[Black "Aledo Yanguas, Javier"]
[Result "1/2-1/2"]
[WhiteElo "1914"]
[BlackElo "1791"]
[PlyCount "126"]
[EventDate "2014.08.22"]
[EventType "swiss"]
[EventRounds "9"]
[EventCountry "ESP"]
[Source "lmi"]
[SourceDate "2014.08.22"]

1. e4 c6 2. c4 d5 3. exd5 cxd5 4. d4 Nf6 5. Nc3 Nc6 6. cxd5 Nxd5 7. Be2 e6 8.
Bf3 Be7 9. Nge2 O-O 10. Nxd5 exd5 11. Qb3 Bb4+ 12. Kf1 Qe7 13. a3 Ba5 14. Be3
Be6 15. Bxd5 Bxd5 16. Qxd5 Rad8 17. Qh5 Bb6 18. Qg4 Rfe8 19. h4 Qe4 20. Qxe4
Rxe4 21. Nc3 Ree8 22. d5 Bxe3 23. fxe3 Ne5 24. e4 Nc4 25. Re1 Nxb2 26. Rb1 Nc4
27. Ke2 f5 28. Kd3 Nb6 29. Kd4 fxe4 30. a4 Rc8 31. Rxb6 axb6 32. Nxe4 Ra8 33.
Nc3 Ra5 34. Rb1 Ra6 35. Rb4 Kf7 36. Nb5 Re2 37. g4 Ke7 38. Nc7 Ra5 39. Nb5 Ra2
40. Nc3 Rg2 41. Ke5 Rg3 42. Nb5 Re3+ 43. Kd4 Rg3 44. Ke5 Re3+ 45. Kf5 Rf3+ 46.
Ke4 Rg3 47. Kf4 Rd3 48. Re4+ Kd7 49. Rc4 Rxb5 50. axb5 Rxd5 51. Rb4 Kd6 52. Ke3
Kc5 53. Rf4 g5 54. hxg5 Rxg5 55. Ke4 Rg7 56. Rf5+ Kd6 57. Kf4 Ke6 58. Rh5 Rf7+
59. Ke4 Kd6 60. Rh6+ Kc5 61. Rh5+ Kd6 62. g5 Re7+ 63. Kf4 Kd7 1/2-1/2

[Event " Ciutat d'Alzira 2014"]
[Site "Alzira ESP"]
[Date "2014.08.27"]
[Round "9.6"]
[White "Folch Zaragoza, Jose"]
[Black "De La Calle Llopis, Juan"]
[Result "0-1"]
[WhiteElo "1914"]
[BlackElo "2000"]
[PlyCount "92"]
[EventDate "2014.08.22"]
[EventType "swiss"]
[EventRounds "9"]
[EventCountry "ESP"]
[Source "lmi"]
[SourceDate "2014.08.22"]

1. e4 e6 2. Nc3 d5 3. e5 d4 4. Ne4 Qd5 5. d3 Qxe5 6. Nf3 Qd5 7. Be2 h6 8. O-O
Nc6 9. Bf4 e5 10. c4 Qe6 11. Bd2 Be7 12. b4 f5 13. Ng3 Bxb4 14. Bxb4 Nxb4 15.
Nxe5 Qxe5 16. Bh5+ Kd7 17. Re1 Qc5 18. Nxf5 Nf6 19. Nxg7 Qg5 20. Ne6 Qxh5 21.
Qd2 Re8 22. Nf4 Qf5 23. Rxe8 Nxe8 24. Re1 Nc2 25. Re4 Nf6 26. Re2 Nb4 27. Qxb4
Qxf4 28. g3 Qd6 29. c5 Qd5 30. c6+ Kxc6 31. Rc2+ Kd7 32. Qf8 Qd6 33. Qg7+ Kd8
34. Rc4 c5 35. Qxh6 b5 36. Qh8+ Kc7 37. Rc2 Bb7 38. Qg7+ Kb6 39. f3 Re8 40. a4
Bxf3 41. a5+ Ka6 42. Qg5 Re5 43. Qh4 Qe6 44. Qf4 Re1+ 45. Kf2 Bc6 46. h3 Rh1
0-1

[Event " Ciutat d'Alzira 2014"]
[Site "Alzira ESP"]
[Date "2014.08.27"]
[Round "9.7"]
[White "Albuixec Sanz, Jorge"]
[Black "Morello Ostos, Domingo"]
[Result "0-1"]
[WhiteElo "1858"]
[BlackElo "1977"]
[PlyCount "84"]
[EventDate "2014.08.22"]
[EventType "swiss"]
[EventRounds "9"]
[EventCountry "ESP"]
[Source "lmi"]
[SourceDate "2014.08.22"]

1. Nf3 g6 2. g3 Bg7 3. Bg2 Nf6 4. O-O d5 5. d4 c6 6. Nbd2 O-O 7. Re1 Bf5 8. Ne5
Nbd7 9. Nd3 Re8 10. Nf3 Be4 11. Nfe5 Bxg2 12. Kxg2 Qb6 13. c3 Rad8 14. Qb3 Nxe5
15. Nxe5 Qc7 16. Bf4 Nh5 17. Nxg6 Qd7 18. Ne5 Nxf4+ 19. gxf4 Qf5 20. e4 Qxf4
21. Re3 Bxe5 22. dxe5 Qxe5 23. Rae1 Rd6 24. exd5 Rg6+ 25. Kh1 Qg5 26. Rg3 Qxd5+
27. Qxd5 cxd5 28. Rd3 Rg5 29. f4 Rf5 30. Kg2 e6 31. Kg3 Kf8 32. Re5 Rxe5 33.
fxe5 Ke7 34. Kf4 Rg8 35. Rg3 Rxg3 36. hxg3 f6 37. a4 a5 38. g4 h6 39. b4 d4 40.
exf6+ Kxf6 41. c4 axb4 42. Ke4 b3 0-1

[Event " Ciutat d'Alzira 2014"]
[Site "Alzira ESP"]
[Date "2014.08.27"]
[Round "9.8"]
[White "Sendra Tormo, Juan"]
[Black "Del Arco Gimeno, Juan"]
[Result "1/2-1/2"]
[WhiteElo "1836"]
[BlackElo "1949"]
[PlyCount "67"]
[EventDate "2014.08.22"]
[EventType "swiss"]
[EventRounds "9"]
[EventCountry "ESP"]
[Source "lmi"]
[SourceDate "2014.08.22"]

1. e4 d6 2. d4 c5 3. Nf3 Nf6 4. Nc3 cxd4 5. Nxd4 g6 6. Be3 Bg7 7. f3 Nc6 8. Qd2
a6 9. O-O-O Nxd4 10. Bxd4 Be6 11. Nd5 Bxd5 12. exd5 Rc8 13. Kb1 Qc7 14. g4 O-O
15. c4 Nd7 16. Bxg7 Kxg7 17. Qd4+ f6 18. f4 b5 19. b3 bxc4 20. Bxc4 a5 21. Rhe1
Rf7 22. Rc1 Qc5 23. Qxc5 Rxc5 24. Bf1 g5 25. Rxc5 Nxc5 26. f5 Kf8 27. Re3 Rg7
28. a3 Rg8 29. b4 axb4 30. axb4 Nd7 31. Bb5 Nb6 32. Bc6 Kf7 33. Ra3 Rb8 34. b5
1/2-1/2

[Event " Ciutat d'Alzira 2014"]
[Site "Alzira ESP"]
[Date "2014.08.27"]
[Round "9.9"]
[White "Leon Colan, Carlos Edmundo"]
[Black "Garcia Sancho, Josep"]
[Result "1/2-1/2"]
[WhiteElo "1933"]
[BlackElo "1821"]
[PlyCount "174"]
[EventDate "2014.08.22"]
[EventType "swiss"]
[EventRounds "9"]
[EventCountry "ESP"]
[Source "lmi"]
[SourceDate "2014.08.22"]

1. g3 Nf6 2. Bg2 g6 3. d4 d5 4. Nf3 Bg7 5. b3 O-O 6. Bb2 c6 7. O-O Nbd7 8. Na3
Re8 9. c4 Ne4 10. cxd5 cxd5 11. Re1 Ndf6 12. Nb5 Rb8 13. Nc3 Nxc3 14. Bxc3 Ne4
15. Bb2 Qa5 16. a3 Be6 17. Qd3 Red8 18. b4 Qb6 19. e3 Rbc8 20. Nd2 Nd6 21. Rac1
h6 22. h3 Nc4 23. Nxc4 dxc4 24. Qe4 Bd5 25. Qc2 Bxg2 26. Kxg2 Qc6+ 27. f3 b5
28. Bc3 e6 29. Rcd1 Qa6 30. Qb2 Rd7 31. Re2 Rcd8 32. Red2 Qb7 33. Qc2 Qa6 34.
Qb2 Qb7 35. h4 h5 36. Kf2 Qb6 37. Qc2 a6 38. Qb2 Qa7 39. Qc2 Qb6 40. Qe4 Rd5
41. Kg2 Bh6 42. f4 Qb7 43. Qf3 Bg7 44. e4 R5d7 45. e5 Rd5 46. Kh2 Qe7 47. Kh3
Qb7 48. Qg2 Kf8 49. Kh2 Qa8 50. Qe2 R5d7 51. Qg2 Qxg2+ 52. Kxg2 Ke7 53. Kf3 Rd5
54. Ke4 Kd7 55. Rg1 Rh8 56. Ra2 Rd8 57. a4 Ke8 58. axb5 axb5 59. Ra5 Bf8 60.
Rb1 Be7 61. Ra6 R8d7 62. Rb2 Bd8 63. Rba2 Ke7 64. Rc6 Ke8 65. Ra8 Ke7 66. Raa6
Bc7 67. Ra8 Bd8 68. Raa6 Bc7 69. Ra7 Bd8 70. Ra8 Bc7 71. Rc8 Bd8 72. Ra6 Ke8
73. Rc5 Be7 74. Ra8+ Bd8 75. Rb8 Ra7 76. Rbxb5 Ra3 77. Be1 Ra1 78. Bf2 c3 79.
Be3 c2 80. Rb8 Rxc5 81. dxc5 c1=Q 82. Bxc1 Rxc1 83. Kd4 Kd7 84. b5 Rd1+ 85. Kc4
Rc1+ 86. Kd4 Rd1+ 87. Kc4 Rc1+ 1/2-1/2

[Event " Ciutat d'Alzira 2014"]
[Site "Alzira ESP"]
[Date "2014.08.27"]
[Round "9.10"]
[White "Vila Tormo, Eduardo"]
[Black "Simon Piera, Raul"]
[Result "0-1"]
[WhiteElo "1663"]
[BlackElo "1932"]
[PlyCount "80"]
[EventDate "2014.08.22"]
[EventType "swiss"]
[EventRounds "9"]
[EventCountry "ESP"]
[Source "lmi"]
[SourceDate "2014.08.22"]

1. e4 c6 2. d4 d5 3. e5 Bf5 4. Nf3 e6 5. Be2 Nd7 6. O-O Ne7 7. Nh4 Qb6 8. Nc3
Bg6 9. Nxg6 hxg6 10. Na4 Qa5 11. c3 Nf5 12. b4 Qc7 13. Nc5 Nxc5 14. bxc5 b6 15.
cxb6 axb6 16. a4 Be7 17. Bb2 O-O 18. Rc1 Qa7 19. Ra1 Rfd8 20. Bd3 Qb7 21. Qe2
Ra5 22. Rfc1 Qa7 23. Qd1 Ra8 24. c4 Rxa4 25. cxd5 cxd5 26. Bb5 Ra5 27. Bc3 Rxa1
28. Rxa1 Qb7 29. Rb1 Rc8 30. Qd2 Qc7 31. Rb3 Bf8 32. g3 Ne7 33. Kg2 Nc6 34.
Bxc6 Qxc6 35. Qb2 b5 36. Bd2 Rb8 37. Kg1 Qc4 38. Kg2 b4 39. f3 Ra8 40. Bxb4
Bxb4 0-1